| 000 | 00000nas 2200000za 4500 |
| 001 | 9.819373 |
| 003 | CaOODSP |
| 005 | 20250509081852 |
| 007 | cr ||||||||||| |
| 008 | 160614c20149999oncuu m o f000#b0fre|d |
| 040 | |aCaOODSP|bfre |
| 041 | |aeng|afre |
| 043 | |an-cn--- |
| 086 | 1 |aM183-1-PDF |
| 245 | 00|aCanadian geoscience maps |h[ressource électronique] = |bCartes géoscientifiques du Canada. |
| 246 | 11|aCartes géoscientifiques du Canada |
| 260 | |a[Ottawa] : |bGeological Survey of Canada = Commission géologique du Canada, |c[2014?]- |
| 310 | |aIrrégulier |
| 546 | |aTexte en anglais et en français. |
| 692 | 07|2gccst|aSciences de la terre |
| 710 | 2 |aCommission géologique du Canada. |
| 791 | |tCanadian geoscience maps |eeng|w(CaOODSP)9.819372 |